Normal view
MARC view
- Haycock, R. F Caines, A. J
Entry Personal Name
001 - CONTROL NUMBER
- control field: 75893
003 - CONTROL NUMBER IDENTIFIER
- control field: NUST
005 - DATE AND TIME OF LATEST TRANSACTION
- control field: 20210628205527.0
008 - FIXED-LENGTH DATA ELEMENTS
- fixed length control field: 210628|| aca||aabn | a|a d
040 ## - CATALOGING SOURCE
- Original cataloging agency: NUST
- Transcribing agency: NUST
100 ## - HEADING--PERSONAL NAME
- Personal name: Haycock, R. F Caines, A. J
670 ## - SOURCE DATA FOUND
- Source citation: Work cat.: (NUST): Haycock, R. F Caines, A. J, Automotive lubricants reference book, 1996
